Pocket guide to health assessment / (Record no. 20018)
[ view plain ]
| 000 -LEADER | |
|---|---|
| fixed length control field | 00647nam a2200205 a 4500 |
| 005 - DATE AND TIME OF LATEST TRANSACTION | |
| control field | 20140310183207.0 |
| 008 - FIXED-LENGTH DATA ELEMENTS--GENERAL INFORMATION | |
| fixed length control field | 030203s19uu xx 00 eng d |
| 020 ## - INTERNATIONAL STANDARD BOOK NUMBER | |
| International Standard Book Number | 9780323019187 |
| 050 ## - LIBRARY OF CONGRESS CALL NUMBER | |
| Classification number | RT 48 |
| Item number | .P68 2003 |
| 100 ## - MAIN ENTRY--PERSONAL NAME | |
| Personal name | Potter, Patricia A. |
| 245 ## - TITLE STATEMENT | |
| Title | Pocket guide to health assessment / |
| Statement of responsibility, etc | Patricia A. Potter. |
| 260 ## - PUBLICATION, DISTRIBUTION, ETC. (IMPRINT) | |
| Place of publication, distribution, etc | USA : |
| Name of publisher, distributor, etc | Mosby Inc., |
| Date of publication, distribution, etc | 2003. |
| 300 ## - PHYSICAL DESCRIPTION | |
| Extent | 669 p. : |
| Other physical details | ill. ; |
| Dimensions | 20 cm. |
| 521 ## - TARGET AUDIENCE NOTE | |
| Target audience note | |
| 650 ## - SUBJECT ADDED ENTRY--TOPICAL TERM | |
| Topical term or geographic name as entry element | Nursing assessment |
| General subdivision | handbooks, manuals, etc. |
| 650 ## - SUBJECT ADDED ENTRY--TOPICAL TERM | |
| Topical term or geographic name as entry element | Physical diagnosis |
| General subdivision | handbooks, manuals, etc. |
| 650 ## - SUBJECT ADDED ENTRY--TOPICAL TERM | |
| Topical term or geographic name as entry element | Medical history taking |
| General subdivision | Nurse's instruction. |
| 942 ## - ADDED ENTRY ELEMENTS (KOHA) | |
| Koha item type | Books |
| Source of classification or shelving scheme | Library of Congress Classification |
| Call number prefix | Foreign |
| Withdrawn status | Lost status | Source of classification or shelving scheme | Damaged status | Home library | Current library | Shelving location | Date acquired | Source of acquisition | Cost, normal purchase price | Total Checkouts | Total Renewals | Full call number | Barcode | Date last seen | Date checked out | Copy number | Price effective from | Koha item type |
|---|---|---|---|---|---|---|---|---|---|---|---|---|---|---|---|---|---|---|
| Library of Congress Classification | College Library | College Library | General Circulation Section | 01/31/2003 | 2120.00 | 2 | 7 | RT 48 .P68 2003 | C1944 | 02/07/2020 | 01/09/2020 | 1 | 10/10/2013 | Books |